Klub sběratelů kuriozit : 1965-1990 /

Hlavní autor: Likler, Ladislav, 1943-
Další autoři: Provazník, Jiří
Jazyk: Čeština
Vydáno: Praha : Ústřední kulturní dům železničářů, 1990
Vydání: 1. vyd.
Témata:
Fyzický popis: 100 s. : il. ; 20 cm
Knihy
Uloženo v:
LEADER 00970nam a22003012a 4500
001 000404756
003 CZ BrMZK
005 20211008124938.0
007 ta
008 990305s1990 xr f cze d
015 |a cnb000054400 
020 |a 80-85106-08-6  |q (Brož.) 
040 |a BOA001  |b cze 
080 9 |a 379.8 
100 1 |a Likler, Ladislav,  |d 1943-  |7 jo20000071889  |4 aut 
245 1 0 |a Klub sběratelů kuriozit :  |b 1965-1990 /  |c uspořádali Ladislav Likler, Jiří Provazník 
250 |a 1. vyd. 
260 |a Praha :  |b Ústřední kulturní dům železničářů,  |c 1990 
300 |a 100 s. :  |b il. ;  |c 20 cm 
500 |a Neprodejné 
500 |a Pro vnitř. potřebu 
500 |a 1300 výt. 
700 1 |a Provazník, Jiří  |7 mzk2011654566  |4 aut 
910 |a BOA001  |b 2-0955.787 
964 |a Sběratelství - kuriozity - kluby 
990 |a BK 
995 |a 01 
996 6 |b 2619772499  |c 2-0955.787  |l MZK  |r Sklad / do 1 hodiny  |n 5  |w 000404756  |u 000010  |a 1  |e BOA001  |j MZK50  |s P